| Tag |
First Indicator |
Second Indicator |
Subfields |
| LEADER |
00000cam a2200000 a 4500 |
| 001 |
in00002491313 |
| 005 |
20151110061445.0 |
| 008 |
080924s2009 nyu b 001 0 eng |
| 015 |
|
|
|a GBA8B4271
|2 bnb
|
| 016 |
7 |
|
|a 014765573
|2 Uk
|
| 019 |
|
|
|a 191926040
|
| 020 |
|
|
|a 9780465003457 (hbk.)
|
| 020 |
|
|
|a 0465003451 (hbk.)
|
| 029 |
1 |
|
|a NZ1
|b 12774728
|
| 035 |
|
|
|a (OCoLC)ocn260206351
|
| 035 |
|
|
|a (OCoLC)260206351
|z (OCoLC)191926040
|
| 040 |
|
|
|a UKM
|c UKM
|d BWX
|d BTCTA
|d BAKER
|d YDXCP
|d OCLCQ
|d UtOrBLW
|
| 049 |
|
|
|a TXAM
|
| 050 |
|
4 |
|a HB74.P65
|b S69 2009
|
| 082 |
0 |
4 |
|a 330
|2 22
|
| 100 |
1 |
|
|a Sowell, Thomas,
|d 1930-
|
| 245 |
1 |
0 |
|a Applied economics :
|b thinking beyond stage one /
|c Thomas Sowell.
|
| 250 |
|
|
|a Rev. and enl. ed.
|
| 264 |
|
1 |
|a New York :
|b Basic Books,
|c 2009.
|
| 300 |
|
|
|a viii, 336 pages ;
|c 25 cm.
|
| 336 |
|
|
|a text
|b txt
|2 rdacontent
|
| 337 |
|
|
|a unmediated
|b n
|2 rdamedia
|
| 338 |
|
|
|a volume
|b nc
|2 rdacarrier
|
| 500 |
|
|
|a Previous edition: 2004.
|
| 504 |
|
|
|a Includes bibliographical references (pages 277-317) and index.
|
| 650 |
|
0 |
|a Economics
|x Political aspects.
|
| 650 |
|
0 |
|a Economic policy
|x Social aspects.
|
| 650 |
|
0 |
|a Equality.
|
| 650 |
|
0 |
|a Social problems.
|
| 650 |
|
0 |
|a Economic development.
|
| 650 |
|
0 |
|a Economics.
|
| 938 |
|
|
|a Blackwell Book Service
|b BBUS
|n R0751520
|c $35.00
|
| 938 |
|
|
|a Baker and Taylor
|b BTCP
|n BK0007621068
|
| 938 |
|
|
|a Baker & Taylor
|b BKTY
|c 35.00
|d 26.25
|i 0465003451
|n 0007621068
|s active
|
| 938 |
|
|
|a YBP Library Services
|b YANK
|n 2872900
|
| 945 |
|
|
|a PromptCat
|b 613478
|
| 946 |
|
|
|a stk
|
| 947 |
|
|
|a A14837441569
|
| 994 |
|
|
|a 92
|b TXA
|
| 948 |
|
|
|a cataloged
|b h
|d 2009/2/6
|h c
|e asalazar
|f 12:15:32 pm
|
| 999 |
|
|
|a MARS
|
| 999 |
f |
f |
|s 0b7f455d-4abf-3484-871d-4607ae708915
|i 4c62a4e3-d1dc-31e6-9a2e-b69f5b1965cd
|t 0
|
| 952 |
f |
f |
|p ric
|a Texas A&M University
|b Rellis Campus
|c Joint Library Facility
|d Remote Storage
|t 0
|e HB74.P65 S69 2009
|h Library of Congress classification
|i unmediated -- volume
|m A14837441569
|
| 998 |
f |
f |
|a HB74.P65 S69 2009
|t 0
|l Remote Storage
|